Análisis de las diferencias entre la CPU de un PLC y la de un computador industrial con Windows CE, en el desempeño de tareas de control y monitoreo
Guardat en:
| Autor principal: | |
|---|---|
| Format: | Llibre |
| Publicat: |
San José, C.R
2000
|
| Matèries: | |
| Etiquetes: |
Afegir etiqueta
Sense etiquetes, Sigues el primer a etiquetar aquest registre!
|
MARC
| LEADER | 00000nam a2200000Ia 4500 | ||
|---|---|---|---|
| 003 | 010189 | ||
| 005 | 20221231144207.0 | ||
| 008 | 140114s2000 cr a m 000 ||s d | ||
| 040 | |c cru CEDI | ||
| 090 | |a TFG 4204 | ||
| 100 | |a Aguilar Corrales, Vilma |9 8064 | ||
| 245 | |a Análisis de las diferencias entre la CPU de un PLC y la de un computador industrial con Windows CE, en el desempeño de tareas de control y monitoreo | ||
| 260 | |c 2000 |a San José, C.R | ||
| 300 | |a x, 107 hojas : ilustraciones | ||
| 500 | |a Proyecto de graduación (bachillerato en ingeniería eléctrica)--Universidad de Costa Rica. Facultad de Ingeniería. Escuela de Ingeniería Eléctrica | ||
| 650 | |x CONTROL AUTOMATICO |x CONTROL DE PROCESOS |x AUTOMATIZACION |x PROGRAMAS PARA COMPUTADORA |9 8065 | ||
| 942 | |c TFG | ||
| 999 | |c 18236 |d 18236 | ||
